| 000 | 00561nam a2200181 i 4500 | ||
|---|---|---|---|
| 001 | 142027 | ||
| 003 | ES-MaACL | ||
| 005 | 20230906200428.0 | ||
| 007 | t| | ||
| 008 | 071002s1978 sp ||||1| spa d | ||
| 100 | 1 |
_aVirgilio Marón, Publio. _9115452 |
|
| 245 | 1 | 3 |
_aLa Eneida / _cPublio Virgilio Marón ; estudio preliminar y notas de María del Dulce Nombre Estefanía. |
| 250 | _a[6ª ed.]. | ||
| 260 |
_a[Barcelona] : _bBruguera, _c[1978] |
||
| 300 |
_a443 p. ; _c18 cm. |
||
| 700 | 1 |
_aEstefanía, Dulce. _948091 |
|
| 852 |
_aES-MaACL _jA-8988 _bR.98261 |
||
| 999 |
_c142027 _d142027 |
||